Taylor Swift's Vocabulary Quiz Stats

 Plays Quiz Updated Jun 14, 2018

Challenge
Share
Tweet
Embed
Score 0/20 Timer 05:00
0 Plays Today
% Correct
Bleachers
91.1%
Crossword
90.9%
Pastry
90.8%
Lightning
90.3%
Helmet
90.1%
Silence
90.1%
Daydream
89.7%
Flawless
89.7%
Outskirts
87.5%
Redneck
87.1%
% Correct
Revolved
87.1%
Deceiving
86.9%
Miscommunications
85.1%
Forgiveness
85%
Hipsters
84.6%
Wildfire
84%
Hindsight
83.5%
Tendency
81.1%
Naive
80.4%
Freedom
77.6%

You're not logged in!

Compare scores with friends on all Sporcle quizzes.
OR
Log In

You Might Also Like...

Show Comments

Extras

Top Quizzes Today


Score Distribution

Your Account Isn't Verified!

In order to create a playlist on Sporcle, you need to verify the email address you used during registration. Go to your Sporcle Settings to finish the process.

Report this User

Report this user for behavior that violates our Community Guidelines.

Details: